000 00693nam a22001937a 4500
999 _c16744
_d16744
008 220316b ||||| |||| 00| 0 eng d
020 _a9781260566215
082 _22020
_aDC 338.88
_bG315
100 _aGeringer, J. Michael.
_944769
245 _aInternational business /
_cJ. Michael Geringer, Jeanne M. Mcnett and Donald A. Ball.
250 _a2nd edition.
260 _aNew York :
_bMcGraw Hill Education ,
_c©2020.
300 _axxvii, 547 pages :
_bcolor illustrations ;
_c27cm.
500 _aIncludes glossary and indexes.
650 _aInternational trade.
_93544
700 _aMcnett, Jeanne M.
_eauthor.
_944770
700 _aBall, Donald A.
_eauthor.
_944771
942 _2ddc
_cDC